00876nam a22001937a 450000500170000001000150001702000260003203500140005803700090007208200080008124501590008926000890024827000960033730000200043370000360045394200220048999900190051195201520053020250403155945.0 aENG-144479 c500.00a9788197448133 aEN-128011 bDBAD a511 aProceedings of the International Conference on Recent Trends in Applied Mathematics and computer Science/cEdited By S. Rajeev gandhi [and] S. Mahalakshmi aTamil NadubVirudhunagar Hindu Nadars' Senthikumara Nadar College {Autonomous)c2025 bTamil Nadua3/151-1, College Road, Virudhunagare626001k04562280154msupport@vhnsnc.edu.in a274p.c29cm(pb) aMahalakshmi, S. 969397eEditor 2ddccENh511mPRO c210754d210754 001040708NFICaAVbAVd2025-04-03eDelivery of Books Act Divisiong500.00l0o511 PROpEN-128011r2025-04-03 00:00:00t1v500.00w2025-04-03yEN